[Event "CUB-ch 1/2 final"]
[Site "Villa Clara"]
[Date "1995.11.22"]
[Round "6"]
[White "Medina, M"]
[Black "Larduet, C"]
[Result "1/2-1/2"]
[WhiteElo "2390"]
[BlackElo "2295"]

1. d4 Nf6 2. Nf3 e6 3. g3 b6 4. Bg2 Bb7 5. O-O c5 6. c4 cxd4 7. b3 Be7 8.
Bb2 d6 9. Qxd4 Nbd7 10. Nc3 a6 11. Rfd1 O-O 12. e4 Qc7 13. Rac1 Rfe8 14.
Qe3 Rac8 15. h3 Qb8 16. Nd4 Bf8 17. Re1 Ba8 18. Rcd1 Rc5 19. Qe2 h6 20. a4
Rcc8 21. Kh2 Rc7 22. Rd2 h5 23. Qd1 Rcc8 24. Nf3 Be7 25. Kh1 Nc5 26. Ng5 h4
27. gxh4 e5 28. Nd5 Bxd5 29. exd5 b5 30. axb5 axb5 31. Bf1 bxc4 32. Bxc4
Na4 33. Ba1 Nb6 34. Bb5 Rf8 35. Bc6 Rxc6 36. dxc6 Qa8 37. Qf3 Rc8 38. Rc1
Qa5 39. Rdd1 Nbd5 40. Rc4 Nc7 41. Rg1 Rb8 42. Rcg4 Kf8 43. R4g2 Qb4 44.
Nh7+ Nxh7 45. Qh5 Qxb3 46. f3 Bf6 47. Qxh7 Qxf3 48. Qh8+ Ke7 49. Qxb8 Qxh3+
50. Rh2 Qf3+ 1/2-1/2

[Event "CUB-ch 1/2 final"]
[Site "Villa Clara"]
[Date "1995.11.22"]
[Round "6"]
[White "Alonso, Re"]
[Black "Moreno, Ale"]
[Result "1/2-1/2"]
[WhiteElo "2410"]
[BlackElo "2445"]

1. d4 Nf6 2. c4 g6 3. g3 Bg7 4. Bg2 O-O 5. Nc3 d6 6. Nf3 Nbd7 7. O-O e5 8.
e4 c6 9. b3 Re8 10. h3 exd4 11. Nxd4 Nc5 12. Re1 Nfd7 13. Re2 a5 14. Rb1
Qb6 15. Be3 h5 16. a3 Qc7 17. Qc2 Nb6 18. a4 Bd7 19. Rd1 Rad8 20. Red2 Bc8
21. Nde2 Bf8 22. Nf4 Ne6 23. Nd3 Nd7 24. Ne2 Ndc5 25. Nxc5 Nxc5 26. Nf4 Qe7
27. Re2 Bg7 28. Nd3 Ne6 29. Ne1 Qc7 30. Nf3 b6 31. Kh2 Bb7 32. h4 c5 33.
Bd2 Nd4 34. Nxd4 Bxd4 35. Bc3 Bxc3 36. Qxc3 Re6 37. Re3 Rde8 38. Rde1 Qe7
39. Qd3 Kh7 40. Kg1 Kg8 41. Qd2 Kh7 42. Kh2 Ba8 43. Kg1 Bb7 1/2-1/2

[Event "CUB-ch 1/2 final"]
[Site "Villa Clara"]
[Date "1995.11.22"]
[Round "6"]
[White "Pecorelli Garcia, H"]
[Black "Alvarez, J"]
[Result "1/2-1/2"]
[WhiteElo "2400"]
[BlackElo "2390"]

1. d4 Nf6 2. c4 e6 3. Nc3 Bb4 4. e3 O-O 5. Bd3 d5 6. Nf3 c5 7. O-O Bxc3 8.
bxc3 dxc4 9. Bxc4 b6 10. Qe2 Bb7 11. Ne5 Qc7 12. f3 Rd8 13. Bd2 Nbd7 14.
Nxd7 Rxd7 15. Rfc1 Rc8 16. Bb5 Bc6 17. Bd3 Qd8 18. Be1 Nh5 19. a4 cxd4 20.
cxd4 Rdc7 21. Rcb1 Bd5 22. Rb4 Rc1 23. Rxc1 Rxc1 24. Rb1 Qc7 25. Qb2 Rxb1
26. Qxb1 h6 27. Qb2 Bc6 28. a5 Nf6 29. Bg3 Qb7 30. a6 Qd7 31. e4 Ne8 32.
Bb8 Nd6 33. Qb4 Bb5 34. Bxb5 Nxb5 35. Qa4 Qc6 36. h3 h5 37. Kh2 Qc8 38. Be5
Qc6 39. Qb4 f6 40. Bb8 Qc8 41. Qxb5 Qxb8+ 42. Kh1 Qc8 43. h4 Kf8 1/2-1/2

[Event "CUB-ch 1/2 final"]
[Site "Villa Clara"]
[Date "1995.11.22"]
[Round "6"]
[White "Armas, J"]
[Black "Benzanilla, A"]
[Result "1/2-1/2"]
[WhiteElo "2425"]
[BlackElo "2185"]

1. g3 g6 2. Bg2 Bg7 3. d4 Nf6 4. e4 d6 5. Nc3 O-O 6. Nge2 Nbd7 7. h3 c6 8.
a4 e5 9. Be3 Re8 10. O-O b6 11. d5 cxd5 12. Nxd5 Nxd5 13. Qxd5 Ba6 14. Rfe1
Nc5 15. Nc3 Bb7 16. Qd2 Rc8 17. Rad1 Bf8 18. b4 Na6 19. Nd5 Bxd5 20. exd5
Qc7 21. Bf1 Nb8 22. Bb5 Red8 23. a5 bxa5 24. bxa5 Nd7 25. Bc6 Nb8 26. Ba4
Na6 27. Rb1 Be7 28. Bc6 Rb8 29. Rb3 Rxb3 30. cxb3 Rb8 1/2-1/2

[Event "CUB-ch 1/2 final"]
[Site "Villa Clara"]
[Date "1995.11.22"]
[Round "6"]
[White "Garcia, Os"]
[Black "Espinosa, J"]
[Result "1/2-1/2"]
[WhiteElo "2345"]
[BlackElo "2380"]

1. e4 e5 2. Nf3 Nc6 3. Bc4 Be7 4. c3 Nf6 5. d3 O-O 6. b4 d5 7. exd5 Nxd5 8.
O-O Bf6 9. Ng5 Bxg5 10. Bxg5 Qxg5 11. Bxd5 Ne7 12. Be4 Bg4 13. Qd2 Qh5 14.
f3 Be6 15. f4 c6 16. Bf3 Qf5 17. Be4 Qh5 18. Bf3 Qf5 19. Be4 1/2-1/2

[Event "CUB-ch 1/2 final"]
[Site "Villa Clara"]
[Date "1995.11.22"]
[Round "6"]
[White "Herrera, I"]
[Black "Perez, Ro"]
[Result "1/2-1/2"]
[WhiteElo "2410"]
[BlackElo "2335"]

1. e4 e6 2. d4 d5 3. Nc3 dxe4 4. Nxe4 Nd7 5. Nf3 Be7 6. Bd3 Ngf6 7. Nxf6+
Bxf6 8. O-O c5 9. dxc5 Nxc5 10. Bb5+ Bd7 11. Bxd7+ Qxd7 12. Qxd7+ Kxd7 13.
Be3 Rac8 1/2-1/2

[Event "CUB-ch 1/2 final"]
[Site "Villa Clara"]
[Date "1995.11.22"]
[Round "6"]
[White "Blanco Fernandez, A"]
[Black "Cabrera, A"]
[Result "1-0"]
[WhiteElo "2450"]
[BlackElo "2275"]

1. e4 c5 2. Nf3 d6 3. d4 cxd4 4. Nxd4 Nf6 5. Nc3 g6 6. Be3 Bg7 7. f3 O-O 8.
Qd2 Nc6 9. O-O-O Nxd4 10. Bxd4 Be6 11. Kb1 Qc7 12. g4 Rfc8 13. h4 Qa5 14.
Qg5 b5 15. Qxb5 Qc7 16. Qa4 Rab8 17. Ka1 Bd7 18. Qa6 e5 19. Be3 Rxb2 20.
Qxc8+ Bxc8 21. Kxb2 Be6 22. g5 Nd7 23. Nd5 Bxd5 24. Rxd5 Nb6 25. Bxb6 Qxb6+
26. Kc3 Qb1 27. a3 Qe1+ 28. Kb2 h5 29. Rxd6 Qe3 30. Bd3 Bf8 31. Rd5 Bc5 32.
Ka2 Bd4 33. Rb1 Qd2 34. Rb8+ Kg7 35. Rdd8 1-0

[Event "CUB-ch 1/2 final"]
[Site "Villa Clara"]
[Date "1995.11.22"]
[Round "6"]
[White "Sieiro Gonzalez, L"]
[Black "Diaz Perez, J"]
[Result "1-0"]
[WhiteElo "2380"]
[BlackElo "2230"]

1. d4 Nf6 2. Nf3 g6 3. Bf4 Bg7 4. e3 O-O 5. h3 d6 6. Be2 Nbd7 7. Bh2 c5 8.
c3 a6 9. Nbd2 cxd4 10. exd4 b5 11. a4 bxa4 12. Qxa4 a5 13. O-O Nb6 14. Qa3
Nfd5 15. Rfd1 Bf5 16. Nb3 a4 17. Nbd2 Bh6 18. c4 Nf4 19. Bf1 Bd7 20. c5
dxc5 21. dxc5 Nbd5 22. Nc4 e6 23. Nce5 Be8 24. Ng4 Bg5 25. h4 f5 26. Nxg5
1-0

[Event "CUB-ch 1/2 final"]
[Site "Villa Clara"]
[Date "1995.11.22"]
[Round "6"]
[White "Li, M"]
[Black "Leyva, H"]
[Result "0-1"]
[WhiteElo "2365"]
[BlackElo "2405"]

1. d4 d5 2. Nf3 Nf6 3. g3 e6 4. Bg2 c5 5. O-O Nc6 6. c4 dxc4 7. Ne5 Bd7 8.
Nxc6 Bxc6 9. Bxc6+ bxc6 10. Qa4 Rc8 11. dxc5 Bxc5 12. Bg5 O-O 13. Nc3 h6
14. Bxf6 Qxf6 15. Qxc4 Qd4 16. Qa6 Qb4 17. Na4 Bd4 18. Rfd1 Bf6 19. Rd7 Qb5
20. Rxa7 Bd4 21. Qxb5 cxb5 22. Rd7 Bf6 23. Nc3 b4 24. Nd1 Rc2 25. a4 bxa3
26. Rxa3 Rxe2 27. b4 Rb8 28. Rb3 Rc2 29. Ne3 Rb2 30. Rxb2 Bxb2 31. Nc4 Rxb4
32. Nd6 f5 33. Re7 Bd4 34. Re8+ Kh7 35. Rxe6 Rb1+ 36. Kg2 Rb2 37. Kh3 Rxf2
38. Nf7 Ra2 39. Nd6 Bg1 40. Nxf5 Rxh2+ 41. Kg4 h5+ 42. Kg5 Bc5 43. Rc6 Bb4
44. Nh4 Rh3 45. Kxh5 Rxg3 46. Nf5 Rg1 47. Rc7 Bf8 48. Nxg7 Bxg7 49. Rb7 Kg8
50. Ra7 Bf6 51. Rb7 Kf8 52. Ra7 Be7 53. Rb7 Kf7 54. Ra7 Rg5+ 55. Kh6 Rg4
56. Ra5 Bf6 57. Ra7+ Ke6 58. Ra5 Be5 59. Kh5 Rg2 60. Kh6 Kf5 61. Kh7 Rg7+
62. Kh6 Rg8 63. Ra7 Rg3 0-1

[Event "CUB-ch 1/2 final"]
[Site "Villa Clara"]
[Date "1995.11.22"]
[Round "6"]
[White "Fuentes, L"]
[Black "Ibanez, D"]
[Result "0-1"]
[WhiteElo "2295"]
[BlackElo "2290"]

1. e4 e5 2. Nf3 d6 3. Bc4 c6 4. d3 Qc7 5. O-O Bg4 6. Nbd2 Nf6 7. Re1 Be7 8.
h3 Bh5 9. Nf1 a5 10. a3 Nbd7 11. Ng3 Bg6 12. Nh4 d5 13. exd5 cxd5 14. Bb3
O-O 15. Nhf5 Bc5 16. Be3 a4 17. Ba2 Rfe8 18. Nh4 Qb6 19. Nxg6 hxg6 20. Bxc5
Nxc5 21. d4 Nce4 22. Nxe4 dxe4 23. dxe5 Rxe5 24. b4 axb3 25. Bxb3 e3 26.
fxe3 Rxe3 27. Rxe3 Qxe3+ 28. Kh1 Qe7 29. Qf3 Ra5 30. Qc3 Rf5 31. Re1 Qd7
32. Qd3 Qc7 33. Rd1 Kh7 34. Qd6 Qc3 35. Qd3 Qe5 36. Rf1 Ne4 37. Rxf5 gxf5
38. Kg1 Qc5+ 39. Kh2 Qxa3 40. Bxf7 Qxd3 41. cxd3 Nd6 42. Bd5 Kg6 43. Kg3
Kf6 44. Kf4 g5+ 45. Ke3 Ke5 46. Bf3 f4+ 47. Kf2 b5 48. g3 b4 49. gxf4+ gxf4
50. Ke2 Nf5 51. Kd2 Nd4 52. Bd1 Kf5 53. h4 Kg6 54. Bg4 Kh6 55. Bd1 Kg6 56.
Ke1 Kf5 57. Kd2 Ke5 58. Bg4 f3 59. h5 f2 60. Bh3 b3 61. Kc3 Kf6 0-1

[Event "CUB-ch 1/2 final"]
[Site "Villa Clara"]
[Date "1995.11.22"]
[Round "6"]
[White "Diaz, JC"]
[Black "Sariego, W"]
[Result "0-1"]
[WhiteElo "2435"]
[BlackElo "2420"]

1. e4 d5 2. exd5 Nf6 3. d4 Bg4 4. Bb5+ Nbd7 5. f3 Bf5 6. c4 e6 7. dxe6 Bxe6
8. c5 c6 9. Ba4 Nd5 10. Nc3 Qh4+ 11. g3 Qh5 12. Nxd5 Bxd5 13. Qe2+ Be7 14.
Kf2 Nf8 15. Bb3 Ne6 16. Be3 Bf6 17. Rd1 O-O-O 18. f4 Qxe2+ 19. Nxe2 Bxh1
20. Bxe6+ fxe6 21. Rxh1 Rd7 22. Kf3 Rhd8 23. Ke4 b6 24. Rc1 Kb7 25. Rc4 Rd5
26. Rb4 Kc7 27. cxb6+ axb6 28. Rc4 g5 29. Rc2 gxf4 30. Nxf4 R5d6 31. Ne2
Kb7 32. Rc1 e5 33. dxe5 Re8 34. Bf4 Bxe5 35. Bxe5 Rde6 36. Nf4 Rxe5+ 37.
Kf3 Rd8 38. Rc2 Re1 39. h4 Red1 40. Ke3 c5 41. Rg2 Kc6 42. g4 Re8+ 43. Kf3
Rf1+ 44. Rf2 Rxf2+ 45. Kxf2 Kd6 46. g5 Ke5 47. Nh5 Ra8 48. a3 Ra4 49. Kg3
c4 50. Nf6 Rxa3+ 51. Kg4 Rb3 52. Nxh7 Rxb2 53. Nf8 c3 54. Ng6+ Ke4 55. Nf4
0-1

[Event "CUB-ch 1/2 final"]
[Site "Villa Clara"]
[Date "1995.11.24"]
[Round "7"]
[White "Gavilanes, A"]
[Black "Diaz, A"]
[Result "1/2-1/2"]
[WhiteElo "2275"]
[BlackElo "2330"]

1. e4 c5 2. Nf3 Nc6 3. d4 cxd4 4. Nxd4 Nf6 5. Nc3 e5 6. Ndb5 d6 7. Bg5 a6
8. Na3 b5 9. Bxf6 gxf6 10. Nd5 Bg7 11. Bd3 Be6 12. c3 f5 13. Qh5 O-O 14. g4
fxg4 15. Nc2 f5 16. Nde3 f4 17. Nf5 Bxf5 18. exf5 e4 19. Be2 Ne5 20. O-O-O
f3 21. Bf1 Qf6 22. Rg1 Qxf5 23. Qxf5 Rxf5 24. Rxd6 Rh5 25. Ne3 Bh6 26. h3
Bxe3+ 27. fxe3 Rg5 28. hxg4 h5 29. Rd4 Rxg4 30. Rh1 Nf7 31. Bh3 Rh4 32.
Rg1+ Kf8 33. Bf5 Re8 34. Bh7 Re5 35. Rd7 Rg4 36. Rh1 Rg7 1/2-1/2

[Event "CUB-ch 1/2 final"]
[Site "Villa Clara"]
[Date "1995.11.24"]
[Round "7"]
[White "Benzanilla, A"]
[Black "Vega, L"]
[Result "1/2-1/2"]
[WhiteElo "2185"]
[BlackElo "2270"]

1. d4 d5 2. c4 c6 3. Nc3 e6 4. Nf3 Nf6 5. cxd5 exd5 6. Bg5 Be7 7. e3 a6 8.
Bd3 b5 9. O-O Bb7 10. Rc1 Nbd7 1/2-1/2

[Event "CUB-ch 1/2 final"]
[Site "Villa Clara"]
[Date "1995.11.24"]
[Round "7"]
[White "Garcia, Os"]
[Black "Valdes, Lu"]
[Result "1/2-1/2"]
[WhiteElo "2345"]
[BlackElo "2305"]

1. e4 e5 2. Nf3 Nc6 3. Bc4 Bc5 4. c3 Nf6 5. d3 d6 6. b4 Bb6 7. a4 a6 8. Bb3
O-O 9. O-O Be6 10. Na3 Bxb3 11. Qxb3 Re8 12. Nc4 d5 13. Nxb6 cxb6 1/2-1/2

[Event "CUB-ch 1/2 final"]
[Site "Villa Clara"]
[Date "1995.11.24"]
[Round "7"]
[White "Cruz Lima, J"]
[Black "Sieiro Gonzalez, L"]
[Result "1-0"]
[WhiteElo "2270"]
[BlackElo "2380"]

1. e4 e6 2. d3 d5 3. Nd2 Nf6 4. Ngf3 Nc6 5. g3 dxe4 6. dxe4 e5 7. Bg2 Bc5
8. Qe2 O-O 9. O-O Qe7 10. c3 a5 11. Nh4 g6 12. Nb3 Bd6 13. Bg5 a4 14. Nd2
Bc5 15. Nc4 Qe6 16. Ne3 Bxe3 17. Bxe3 b6 18. Rfe1 Ba6 19. Qf3 Nd7 20. Rad1
Rfd8 21. Nf5 Nf8 22. Nh6+ Kg7 23. Bh3 Qe7 24. Ng4 Bc8 25. Bh6+ Kh8 26. Rxd8
Qxd8 27. Qxf7 1-0

[Event "CUB-ch 1/2 final"]
[Site "Villa Clara"]
[Date "1995.11.24"]
[Round "7"]
[White "Perez, Ro"]
[Black "Pecorelli Garcia, H"]
[Result "1/2-1/2"]
[WhiteElo "2335"]
[BlackElo "2400"]

1. c4 e5 2. Nc3 d6 3. Nf3 g6 4. g3 Bg7 5. Bg2 f5 6. d3 Nf6 7. O-O O-O 8.
Rb1 Nc6 9. b4 a6 10. a4 h6 11. b5 axb5 12. axb5 Ne7 13. c5 Be6 14. Bb2 Nd7
15. cxd6 cxd6 16. e4 Nb6 17. Ra1 Qd7 18. Rxa8 Rxa8 19. Re1 Kh7 20. Bc1 Ra1
21. Qc2 Qc7 22. Qb2 Ra8 23. Bd2 Nd7 24. Ra1 Rxa1+ 25. Qxa1 Nc5 26. Qb1 Nb3
27. Be1 Qc5 28. Qb2 f4 29. Qa2 g5 30. Qa8 Bc8 31. Qa4 Nd4 32. Nxd4 exd4 33.
Ne2 Ng6 34. Bb4 Qc7 35. Bd2 Be5 36. Nxd4 Bxd4 37. Qxd4 Qc2 38. Qc3 Qd1+ 39.
Be1 Ne5 40. Qxc8 Qxe1+ 41. Bf1 Nf3+ 42. Kg2 Nd2 1/2-1/2

[Event "CUB-ch 1/2 final"]
[Site "Villa Clara"]
[Date "1995.11.24"]
[Round "7"]
[White "Leyva, H"]
[Black "Armas, J"]
[Result "1/2-1/2"]
[WhiteElo "2405"]
[BlackElo "2425"]

1. d4 Nf6 2. c4 e6 3. Nf3 b6 4. g3 Bb4+ 5. Bd2 Be7 6. Bg2 c6 7. Nc3 Bb7 8.
O-O O-O 9. d5 cxd5 10. Ne1 Na6 11. cxd5 Nxd5 12. Nxd5 Bxd5 13. Bxd5 exd5
14. Bc3 Bf6 15. Rc1 Rc8 16. Qxd5 Bxc3 17. bxc3 Nc5 18. Nd3 Nxd3 19. Qxd3
Qe7 20. c4 Rc6 21. Rfd1 d6 22. e3 Rfc8 23. Qb3 Rc5 24. Qa3 Qc7 25. Rd4 b5
26. Rcd1 bxc4 27. Rxd6 c3 28. Rd8+ Rxd8 29. Rxd8+ Qxd8 30. Qxc5 h6 31. Qxc3
Qd1+ 32. Kg2 Qd5+ 33. e4 Qxa2 34. h4 h5 35. Qc5 g6 36. e5 a5 37. e6 fxe6
38. Qc8+ Kf7 39. Qc7+ 1/2-1/2

[Event "CUB-ch 1/2 final"]
[Site "Villa Clara"]
[Date "1995.11.24"]
[Round "7"]
[White "Delgado, M"]
[Black "Paneque, P"]
[Result "0-1"]
[WhiteElo "2135"]
[BlackElo "2415"]

1. e4 g6 2. d4 c6 3. Nf3 d5 4. Nbd2 Bg7 5. c3 Bg4 6. Bd3 e6 7. h3 Bxf3 8.
Nxf3 Qc7 9. O-O Nf6 10. exd5 Nxd5 11. Re1 Nd7 12. Qe2 O-O-O 13. a4 Rhe8 14.
Qc2 h6 15. Bd2 g5 16. c4 N5f6 17. a5 g4 18. hxg4 Nxg4 19. a6 b6 20. c5 Bxd4
21. Nxd4 Nxc5 22. Be3 Qh2+ 23. Kf1 Qh1+ 24. Ke2 Nxe3 25. Kxe3 Qxg2 26. Be4
Qg5+ 27. f4 Qg3+ 28. Nf3 e5 29. f5 Rd4 30. Bxc6 Red8 31. Rg1 Qf4+ 32. Ke2
Rc4 33. Qb1 e4 34. Ra3 exf3+ 35. Rxf3 Qd2+ 0-1

[Event "CUB-ch 1/2 final"]
[Site "Villa Clara"]
[Date "1995.11.24"]
[Round "7"]
[White "Alvarez, J"]
[Black "Castella, F"]
[Result "1-0"]
[WhiteElo "2390"]
[BlackElo "2285"]

1. d4 Nf6 2. c4 g6 3. Nc3 Bg7 4. e4 d6 5. Nf3 O-O 6. Be2 c5 7. d5 e5 8. Nd2
Ne8 9. h4 f5 10. h5 gxh5 11. exf5 Bxf5 12. Nde4 Nd7 13. Ng3 Qf6 14. Be3 e4
15. Nxf5 Qxf5 16. Rxh5 Bxc3+ 17. bxc3 Qf6 18. Kd2 b5 19. Qc2 b4 20. Rah1
bxc3+ 21. Qxc3 Rb8 22. Kc2 Qxc3+ 23. Kxc3 Nef6 24. Rh6 Nb6 25. Bd1 Nxc4 26.
Rxf6 Rxf6 27. Kxc4 Rb1 28. Rf1 Rf8 29. Kc3 Rfb8 30. Be2 R1b4 31. Bc4 Ra4
32. Bb3 Rab4 33. Rh1 a5 34. Rh6 a4 35. Bc2 Rb2 36. Rxd6 Rxa2 37. Bxc5 Rbb2
38. Bxa4 Rd2 39. Bb3 Rd3+ 40. Kc4 Rb2 41. Rb6 Rb1 42. Be3 1-0

[Event "CUB-ch 1/2 final"]
[Site "Villa Clara"]
[Date "1995.11.24"]
[Round "7"]
[White "Diaz Perez, J"]
[Black "Blanco Fernandez, A"]
[Result "1-0"]
[WhiteElo "2230"]
[BlackElo "2450"]

1. e4 c5 2. Ne2 e6 3. Nbc3 a6 4. g3 Nc6 5. Bg2 b5 6. O-O Bb7 7. d3 d6 8. f4
Be7 9. h3 h5 10. Be3 Qc7 11. f5 b4 12. fxe6 fxe6 13. Nb1 e5 14. Nd2 Nf6 15.
Kh1 Bc8 16. a3 bxa3 17. Rxa3 Be6 18. Nf3 Nh7 19. Nc3 Nb4 20. Nd2 Qd7 21.
Kh2 Nf6 22. Nc4 Rb8 23. Qd2 O-O 24. Raa1 Nh7 25. Nd5 Nxd5 26. exd5 Bf7 27.
Rxa6 Nf6 28. Bg5 Ne8 29. Rfa1 Qd8 30. Bxe7 Qxe7 31. Ra7 Rb7 32. R7a6 Rd7
33. Nb6 Rb7 34. Nc4 h4 35. g4 Bg6 36. Ra8 Kh7 37. Rf1 Rxf1 38. Bxf1 Nc7 39.
Ra1 Nb5 40. Bg2 Rb8 41. Rf1 Rf8 42. Rxf8 Qxf8 43. c3 Nc7 44. Qe3 Ne8 45.
Nd2 Kg8 46. Be4 Bf7 47. Nf3 Nf6 48. c4 Qb8 49. Qe2 Qd8 50. Bf5 g6 51. Be4
Kg7 52. Qd2 Be8 53. Kg2 Nh7 54. b4 cxb4 55. Qxb4 Ng5 56. Qd2 Nxf3 57. Bxf3
Qf6 58. g5 Qe7 59. Bg4 Ba4 60. Qe3 Bc2 61. Qf2 Bxd3 62. Qxh4 Kf7 63. Be6+
Ke8 64. Qh8+ Qf8 65. Bd7+ Ke7 66. Qxf8+ Kxf8 67. Bb5 1-0

[Event "CUB-ch 1/2 final"]
[Site "Villa Clara"]
[Date "1995.11.24"]
[Round "7"]
[White "Hernandez, Ama"]
[Black "Martinez, B"]
[Result "0-1"]
[WhiteElo "2205"]
[BlackElo "2205"]

1. e4 d6 2. d4 Nf6 3. Nc3 g6 4. h3 Bg7 5. Nf3 O-O 6. Be2 Nc6 7. Be3 e5 8.
d5 Ne7 9. Qd2 Bd7 10. Nh2 b5 11. Bf3 Qb8 12. Bg5 Re8 13. Ng4 Nxg4 14. hxg4
b4 15. Ne2 c6 16. dxc6 Bxc6 17. O-O-O Qb7 18. Bh6 Bh8 19. Ng3 Rad8 20. Qg5
f6 21. Qh4 Nc8 22. g5 Qf7 23. Kb1 Bd7 24. Bg4 Bxg4 25. Qxg4 Nb6 26. gxf6
Bxf6 27. Bg5 Bxg5 28. Qxg5 Qf4 29. Qh4 Qxh4 30. Rxh4 h5 31. Nf1 Rf8 32. f3
d5 33. Rd3 d4 34. Rb3 a5 35. a3 Nc4 36. axb4 a4 37. Rd3 Rb8 38. c3 Rfd8 39.
Nd2 Ne3 40. cxd4 Nxg2 41. Rh2 Nf4 42. Ra3 exd4 43. Rxa4 d3 44. Rh4 Rf8 45.
Rh1 Rbc8 46. Ra3 Rfd8 47. b5 Rc5 48. b6 Rb8 49. Rb3 Rc6 50. b7 Rc7 51. Rh4
g5 52. Rh1 Rbxb7 53. Rxb7 Rxb7 54. Nc4 Kg7 55. Ne3 Ra7 56. b4 Kf6 57. Kb2
Ke5 58. Nf5 h4 59. Kb3 Ne2 60. b5 Kf4 61. Kc4 d2 62. b6 Rd7 63. Rd1 h3 64.
b7 Rxb7 65. Kd3 Ng1 66. Nd4 h2 67. Ne2+ Kxf3 68. Nxg1+ Kg2 69. Ne2 Rd7+ 0-1

[Event "CUB-ch 1/2 final"]
[Site "Villa Clara"]
[Date "1995.11.25"]
[Round "8"]
[White "Armas, J"]
[Black "Cruz Lima, J"]
[Result "0-1"]
[WhiteElo "2425"]
[BlackElo "2270"]

1. d4 Nf6 2. c4 e6 3. Nc3 d5 4. Bg5 Be7 5. Nf3 O-O 6. Qc2 b6 7. Bxf6 Bxf6
8. e4 Nc6 9. O-O-O dxc4 10. e5 Be7 11. Bxc4 Nb4 12. Qe4 Rb8 13. h4 Bb7 14.
Qg4 b5 15. Bb3 c5 16. dxc5 Nd3+ 17. Rxd3 Qxd3 18. Bc2 Qc4 19. Qh5 Qf4+ 20.
Kb1 g6 0-1

[Event "CUB-ch 1/2 final"]
[Site "Villa Clara"]
[Date "1995.11.25"]
[Round "8"]
[White "Nunez, An"]
[Black "Perez, Ro"]
[Result "1/2-1/2"]
[WhiteElo "2270"]
[BlackElo "2335"]

1. c4 e5 2. Nc3 d6 3. g3 f5 4. Bg2 Nf6 5. e3 g6 6. Nge2 Bg7 7. O-O c6 8. d3
O-O 9. b4 a6 10. a4 Be6 11. Ba3 Nbd7 12. b5 Qc7 13. Qb1 axb5 14. axb5 Rfd8
15. Rc1 Bf7 16. Qc2 Bf8 17. Qd1 1/2-1/2

[Event "CUB-ch 1/2 final"]
[Site "Villa Clara"]
[Date "1995.11.25"]
[Round "8"]
[White "Pecorelli Garcia, H"]
[Black "Garcia, Os"]
[Result "1/2-1/2"]
[WhiteElo "2400"]
[BlackElo "2345"]

1. d4 c5 2. d5 Nf6 3. c4 b5 4. cxb5 a6 5. f3 axb5 6. e4 Qa5+ 7. Bd2 b4 8.
Na3 d6 9. Nc4 Qd8 10. Bg5 h6 11. Bh4 g5 12. Bf2 Bg7 13. Bd3 O-O 14. Ne2 e6
15. dxe6 Bxe6 16. O-O Nc6 17. a4 bxa3 18. bxa3 Nd7 19. Rc1 Nde5 20. Nxe5
Nxe5 21. Rc3 Qa5 22. Be1 Qb6 23. Bc2 Nc4 24. f4 Bxc3 25. Bxc3 Ne3 26. Qc1
Nxf1 27. fxg5 c4+ 28. Kxf1 Qc5 29. gxh6 Qh5 30. Ng3 Qh4 31. Kg1 f6 32. a4
Qg5 33. Bd2 Qe5 34. Qe1 Rac8 35. Bc3 Qg5 36. h7+ Kh8 37. a5 Rc7 38. Ne2
Qe3+ 39. Qf2 Qxf2+ 40. Kxf2 Rxh7 41. Nf4 Re8 42. Bxf6+ Kg8 43. Bd4 Rf8 44.
Ke3 Rxf4 45. Kxf4 Rxh2 46. a6 Bc8 47. a7 Bb7 48. Kg3 Rh1 49. Bb2 Kf7 50.
Kf2 Ke6 51. Ke3 Rh2 52. Bc3 Rxg2 53. Bb1 Rg3+ 54. Kd4 Rg1 55. Bc2 Rg2 56.
Bb1 Rg4 57. Kxc4 d5+ 58. Kc5 dxe4 59. Ba2+ Kd7 60. Kd4 Rg1 61. Bb3 Rg6 62.
Bc4 Rh6 63. Bd2 Rd6+ 64. Kc3 Rg6 65. Kd4 Rg2 66. Bf4 Rg1 67. Be3 Ra1 68.
Ke5 Ra5+ 69. Kf4 Kd6 70. Bb3 Ra1 71. Bc4 Ra4 72. Bf7 Ra3 73. Bh5 Rc3 74.
Bf2 Rh3 75. Bg4 Ra3 76. Be3 Kd5 77. Be2 Rc3 78. Bh5 Kc4 79. Be2+ Kb3
1/2-1/2

[Event "CUB-ch 1/2 final"]
[Site "Villa Clara"]
[Date "1995.11.25"]
[Round "8"]
[White "Foyo, R"]
[Black "Ibanez, D"]
[Result "1-0"]
[WhiteElo "2260"]
[BlackElo "2290"]

1. e4 c5 2. Nf3 a6 3. c3 Qa5 4. Be2 g6 5. O-O Bg7 6. d4 d6 7. Be3 Nd7 8.
Nbd2 Qc7 9. b4 Ngf6 10. Qb3 O-O 11. bxc5 dxc5 12. e5 Ng4 13. Ng5 Nxe3 14.
fxe3 e6 15. Nc4 h6 16. Nxf7 Rxf7 17. Rxf7 Kxf7 18. Nd6+ Ke7 19. Rf1 Nxe5
20. dxe5 Bxe5 21. Rf7+ Kxd6 22. Qd1+ Kc6 23. Bf3+ Kb6 24. Qb1+ Ka7 25. Rxc7
Bxc7 26. Qxg6 Bd7 27. Qxh6 Rd8 28. Qg5 Bb6 29. c4 Bc8 30. h4 Rd2 31. h5
Rxa2 32. h6 Ra1+ 33. Kf2 Rh1 34. Bh5 e5 35. h7 1-0

[Event "CUB-ch 1/2 final"]
[Site "Villa Clara"]
[Date "1995.11.25"]
[Round "8"]
[White "Castella, F"]
[Black "Paneque, P"]
[Result "0-1"]
[WhiteElo "2285"]
[BlackElo "2415"]

1. e4 e6 2. d4 d5 3. Nc3 Nf6 4. Bg5 dxe4 5. Nxe4 Be7 6. Bxf6 gxf6 7. Nf3 b6
8. Bc4 Bb7 9. Qe2 c6 10. O-O-O Qc7 11. Kb1 Nd7 12. Nc3 b5 13. Bb3 Nb6 14.
Rhe1 O-O 15. Rd3 Kh8 16. Nh4 Rg8 17. Rh3 c5 18. Nxb5 Qf4 19. dxc5 Nd5 20.
g3 Qb4 21. c3 Qxc5 22. Nd4 Rab8 23. Bxd5 Bxd5 24. Nhf5 Rg5 25. f4 Bxa2+ 26.
Kxa2 Rxf5 27. Qd3 Qd5+ 28. Kb1 Ba3 29. Re2 Qh1+ 30. Kc2 Bxb2 31. Nb3 Ra5
0-1

[Event "CUB-ch 1/2 final"]
[Site "Villa Clara"]
[Date "1995.11.25"]
[Round "8"]
[White "Martinez, B"]
[Black "Diaz Perez, J"]
[Result "1/2-1/2"]
[WhiteElo "2205"]
[BlackElo "2230"]

1. Nf3 Nf6 2. b3 g6 3. Bb2 Bg7 4. g3 O-O 5. Bg2 d6 6. d4 Nbd7 7. O-O Ne4 8.
Nfd2 Nxd2 9. Qxd2 e5 10. c4 Re8 11. dxe5 dxe5 12. Nc3 f5 13. Rad1 c6 14. e4
Qe7 15. exf5 gxf5 16. Rfe1 Nf8 17. Ne2 Be6 18. f4 Rad8 19. Qc1 e4 20. Bxg7
Qxg7 21. Qc3 Bf7 22. Bh3 Qxc3 23. Nxc3 Be6 24. Bf1 Nd7 25. Kf2 Nf6 26. Be2
Bf7 27. Ke3 Bh5 28. Bxh5 Nxh5 29. Rxd8 Rxd8 30. Rd1 Rxd1 31. Nxd1 Kf7 32.
Kd2 Ke6 33. Ne3 1/2-1/2

[Event "CUB-ch 1/2 final"]
[Site "Villa Clara"]
[Date "1995.11.25"]
[Round "8"]
[White "Delgado, M"]
[Black "Moreno, Ale"]
[Result "1/2-1/2"]
[WhiteElo "2135"]
[BlackElo "2445"]

1. e4 c6 2. d4 d5 3. Nd2 dxe4 4. Nxe4 Nd7 5. Bc4 Ngf6 6. Nxf6+ Nxf6 7. Nf3
Bf5 8. Qe2 e6 9. Bg5 Qc7 10. O-O-O Bd6 11. Bxf6 gxf6 12. d5 cxd5 13. Bxd5
O-O-O 14. Be4 Bxe4 15. Qxe4 f5 16. Qe2 Kb8 17. Kb1 Bc5 18. Rhe1 a6 19. c3
Rhg8 20. g3 Ka8 21. Nd2 Rd5 22. Nb3 Rgd8 23. Rxd5 Rxd5 24. Nxc5 Qxc5 25. f4
Qd6 26. Kc1 Kb8 27. Qh5 Rd2 28. Qxf7 Rxh2 29. Rd1 Qb6 30. Qf8+ Ka7 31. Qb4
Qxb4 32. cxb4 Rg2 33. Rd3 Kb8 34. Re3 Rg1+ 35. Kc2 Rg2+ 36. Kc1 Rg1+ 37.
Kc2 1/2-1/2

[Event "CUB-ch 1/2 final"]
[Site "Villa Clara"]
[Date "1995.11.25"]
[Round "8"]
[White "Sieiro Gonzalez, L"]
[Black "Larduet, C"]
[Result "1/2-1/2"]
[WhiteElo "2380"]
[BlackElo "2295"]

1. e4 c5 2. Nf3 d6 3. d4 cxd4 4. Nxd4 Nf6 5. Nc3 a6 6. Bc4 e6 7. Bb3 Nbd7
8. f4 Nc5 9. Qf3 Be7 10. Be3 Qc7 11. O-O b5 12. e5 Bb7 13. Qg3 Nxb3 14.
cxb3 Nh5 15. Qh3 g6 16. Rac1 Qd7 17. f5 exf5 18. exd6 Qxd6 19. Ncxb5 axb5
20. Nxb5 Qb8 21. Nc7+ Kf8 22. Nxa8 Bxa8 23. Bh6+ Ke8 24. Qc3 f6 25. Qc8+
Kf7 26. Qc4+ Ke8 27. Qe6 Bb7 28. Rfe1 Qd8 29. Rcd1 Qc7 30. Re3 Bc8 31. Qd5
f4 32. Re2 Bg4 33. Qa8+ Kf7 34. Qd5+ Ke8 35. Qa8+ Kf7 1/2-1/2

[Event "CUB-ch 1/2 final"]
[Site "Villa Clara"]
[Date "1995.11.25"]
[Round "8"]
[White "Li, M"]
[Black "Hernandez, Ama"]
[Result "1-0"]
[WhiteElo "2365"]
[BlackElo "2205"]

1. d4 Nf6 2. g3 e6 3. Bg2 d5 4. Nf3 Be7 5. O-O O-O 6. c4 c6 7. Nc3 b6 8.
Ne5 Bb7 9. e4 dxc4 10. Nxc4 Ba6 11. b3 b5 12. Ne3 b4 13. Ne2 Bxe2 14. Qxe2
Qxd4 15. Bb2 Qd8 16. Rfd1 Qb6 17. Nc4 Qb5 18. Bxf6 gxf6 19. Qg4+ Qg5 20.
Qf3 a5 21. h4 Qg7 22. Qe3 Ra6 23. Nb6 c5 24. Na4 Rc8 25. Rac1 Rac6 26. Rc4
e5 27. Bh3 R8c7 28. Rd5 Qf8 29. Kg2 Na6 30. Bd7 Rd6 31. Rxd6 Bxd6 32. Bb5
Qc8 33. Qd3 Bf8 34. Rc1 Nb8 35. Nb6 Qe6 36. Nd5 Rb7 37. Bc4 Qc6 38. Ne3 Qd7
39. Bd5 Bh6 40. Rxc5 Bxe3 41. Qxe3 Rb5 42. Rc4 Kg7 43. Qc1 Qd6 44. h5 h6
45. Rc7 Rxd5 46. exd5 Qxd5+ 47. Kg1 e4 48. Qf4 f5 49. g4 Na6 50. Ra7 e3 51.
Qxe3 Nc5 52. Rxa5 Qd1+ 53. Kh2 Ne4 54. Rxf5 Nd2 55. Qe5+ Kg8 56. Qe8+ 1-0

[Event "CUB-ch 1/2 final"]
[Site "Villa Clara"]
[Date "1995.11.25"]
[Round "8"]
[White "Leyva, R"]
[Black "Alvarez, J"]
[Result "1/2-1/2"]
[WhiteElo "2300"]
[BlackElo "2390"]

1. e4 e5 2. Nf3 Nc6 3. Bc4 Nf6 4. d4 exd4 5. O-O d6 6. Nxd4 Be7 7. Nc3 O-O
8. Nxc6 bxc6 9. Re1 Ng4 10. h3 Ne5 11. Bb3 Bh4 12. Bf4 Qf6 13. Qd2 h6 14.
Bxe5 Qxe5 15. Rad1 a5 16. Qd4 Qxd4 17. Rxd4 Bf6 18. Rd3 Be6 1/2-1/2